Normal view MARC view

Entry Corporate Name

Number of records used in: 1

001 - CONTROL NUMBER

  • control field: 2051

003 - CONTROL NUMBER IDENTIFIER

  • control field: DLC

005 - DATE AND TIME OF LATEST TRANSACTION

  • control field: 20200226150543.0

008 - FIXED-LENGTH DATA ELEMENTS

  • fixed length control field: 960509n| azannaabn |a ana

010 ## - LIBRARY OF CONGRESS CONTROL NUMBER

  • LC control number: n 89265601
  • Canceled/invalid LC control number: no2004054638

035 ## - SYSTEM CONTROL NUMBER

  • System control number: (OCoLC)oca04099526

040 ## - CATALOGING SOURCE

  • Original cataloging agency: DLC
  • Language of cataloging: eng
  • Description conventions: rda
  • Transcribing agency: DLC
  • Modifying agency: DLC-ON
  • Modifying agency: DLC
  • Modifying agency: DLC-ON
  • Modifying agency: DLC

110 2# - HEADING--CORPORATE NAME

  • Corporate name or jurisdiction name as entry element: Maulana Abul Kalam Azad Institute of Asian Studies (Kolkata, India)

370 ## - ASSOCIATED PLACE

  • Place of residence/headquarters: Kolkata, India

410 2# - SEE FROM TRACING--CORPORATE NAME

  • Control subfield: nne
  • Corporate name or jurisdiction name as entry element: Maulana Abul Kalam Azad Institute of Asian Studies (Calcutta, India)

410 2# - SEE FROM TRACING--CORPORATE NAME

  • Corporate name or jurisdiction name as entry element: Abul Kalam Azad Institute of Asian Studies (Kolkata, India)

410 2# - SEE FROM TRACING--CORPORATE NAME

  • Corporate name or jurisdiction name as entry element: Kalam Azad Institute of Asian Studies (Kolkata, India)

410 2# - SEE FROM TRACING--CORPORATE NAME

  • Corporate name or jurisdiction name as entry element: Azad Institute of Asian Studies (Kolkata, India)

410 2# - SEE FROM TRACING--CORPORATE NAME

  • Corporate name or jurisdiction name as entry element: MAKAIAS

410 2# - SEE FROM TRACING--CORPORATE NAME

  • Corporate name or jurisdiction name as entry element: Maulana Abul Kalam Azad Institute of Asian Studies, Kolkata

670 ## - SOURCE DATA FOUND

  • Source citation: Identity, religion, and recent history, 1995:
  • Information found: t.p. (Maulana Abul Kalam Azad Institute of Asian Studies) t.p. verso (Maulana Abul Kalam Azad Institute of Asian Studies, Calcutta)

670 ## - SOURCE DATA FOUND

  • Source citation: Indian revolutionaries in Central Asia, 2002:
  • Information found: t.p. verso (MAKAIAS)

670 ## - SOURCE DATA FOUND

  • Source citation: Maritime Malabar and the Europeans, 1500-1962, 2003:
  • Information found: t.p. verso (Mualana Abul Kalam Azad Institute of Asian Studies, Kolkata)

670 ## - SOURCE DATA FOUND

  • Source citation: Maulana Abul Kalam Azad Institute of Asian Studies WWW site, viewed Sept. 3, 2004
  • Information found: (Maulana Abul Kalam Azad Institute of Asian Studies; set up at the joint initiative of the Government of India, Department of Culture, Ministry of Human Resource Development, and the Government of West Bengal; registered as a Society on 4th January 1993; funded by the Department of Culture, Government of India)

670 ## - SOURCE DATA FOUND

  • Source citation: Siberia in focus, 2007:
  • Information found: (Maulana Abul Kalam Azad Institute of Asian Studies, Kolkata)

Powered by Koha